Normal view
MARC view
- قواعد اللغة-اللغة العربية-النحو
Entry Topical Term
001 - CONTROL NUMBER
- control field: 14889
003 - CONTROL NUMBER IDENTIFIER
- control field: JO-AjAnu
005 - DATE AND TIME OF LATEST TRANSACTION
- control field: 20230606072657.0
008 - FIXED-LENGTH DATA ELEMENTS
- fixed length control field: 230606|| aca||aabn | a|a d
040 ## - CATALOGING SOURCE
- Original cataloging agency: JO-AjAnu
- Transcribing agency: JO-AjAnu
150 ## - HEADING--TOPICAL TERM
- Topical term or geographic name entry element: قواعد اللغة-اللغة العربية-النحو
670 ## - SOURCE DATA FOUND
- Source citation: Work cat.: (JO-AjAnu)7645: أبو شهاب، حمدة عبدالله, author 14888, الجواز وعدمه في أحكام النحويين من سيبويه حتى القرن الرابع الهجري